| 000 | 00499nam a2200169Ia 4500 | ||
|---|---|---|---|
| 008 | 231221s9999 xx 000 0 und d | ||
| 041 | _aEnglish | ||
| 082 | _a001.6424JAV HOR2.1; | ||
| 100 | _aHorstmann, Cay S Cornell, Gary | ||
| 245 | 0 | _aCore Java 2 V.1 : fundamentals, J2SE version 1.3 | |
| 260 |
_c2001 _bPearson Education(Singapore) _aDelhi |
||
| 300 | _axxv+798 | ||
| 300 | _c31030 | ||
| 440 | _aJava series | ||
| 650 | _aCore,Java,V.1,:,fundamentals,,J2SE,version,1.3 | ||
| 942 | _cCD | ||
| 999 |
_c203000 _d203000 |
||